000 00679nam a2200253Ia 4500
003 OSt
005 20221007080633.0
006 a|||||r|||| 00| 0
007 ta
008 221006b |||||||| |||| 00| 0 eng d
024 _a28,212
037 _cTextual
040 _aFLL
_cFLL
_beng
041 _2eng
_aeng
082 _aZ73,5, M7
100 _aWeston Paul B.
_9135143
245 0 _aAdministration of justice
250 _a5th
260 _aNew Jersey
_b Prentice- Hall, Inc.
_c1987
300 _aix,210p
_ccm.
700 _a Wells Kenneth M.
_9151175
942 _hZ73,5, M7
_cTEXL
_2CC
999 _c1160381
_d1160381